书目信息 |
| 题名: |
最新世界地图集
|
|
| 作者: | 本社 编辑 | |
| 分册: | ||
| 出版信息: | 北京 地图出版社 1998.4 |
|
| 页数: | 98幅+109页 | |
| 开本: | 16开 | |
| 丛书名: | ||
| 单 册: | ||
| 中图分类: | K991 | |
| 科图分类: | ||
| 主题词: | 地图 | |
| 电子资源: | ||
| ISBN: | 7-5031-2045-2 | |
| 000 | 00554nam0 2200205 45 | |
| 001 | 0011131000 | |
| 005 | 20031219104047.3 | |
| 010 | @a7-5031-2045-2@b精装@dCNY62.00 | |
| 100 | @a20001113d1998 km y0chiy0120 ea | |
| 101 | 0 | @achi |
| 105 | @a z 000yy | |
| 200 | 1 | @a最新世界地图集@AZui Xin Shi Jie Di Tu Ji@f本社编辑@FBen She Bian Ji |
| 205 | @a4版 | |
| 210 | @a北京@c地图出版社@d1998.4 | |
| 215 | @a98幅+109页@d16开 | |
| 606 | 0 | @a地图 |
| 690 | @aK991@v1 | |
| 701 | 0 | @a本社@4编辑 |
| 801 | @aCN@bTSTC@c20001113 | |
| 905 | @b292838-840@dK991@e28=4@f3 | |
| 最新世界地图集/本社编辑.-4版.-北京:地图出版社,1998.4 |
| 98幅+109页;16开 |
| ISBN 7-5031-2045-2(精装):CNY62.00 |
| ● |
| 相关链接 |
|
|
|
|
正题名:最新世界地图集
索取号:K991/28=4
 
预约/预借
| 序号 | 登录号 | 条形码 | 馆藏地/架位号 | 状态 | 备注 |
| 1 | 0292838 | 002928381 | 密集书库/ [索取号:K991/28=4] | 在馆 | |
| 2 | 0292839 | 002928390 | 第二借阅区/ [索取号:K991/28=4] | 在馆 | |
| 3 | 0292840 | 002928407 | 第二样本阅览室/ [索取号:K991/28=4] | 在馆 |